How to select rapid growth stocks; (Запис № 509069)

МАРК-запис
000 -LEADER
fixed length control field 01348cam a22003131 4500
001 - CONTROL NUMBER
control field howtoselectrapid00peis
003 - CONTROL NUMBER IDENTIFIER
control field CaSfIA
005 - DATE AND TIME OF LATEST TRANSACTION
control field 20210118101510.0
007 - PHYSICAL DESCRIPTION FIXED FIELD--GENERAL INFORMATION
fixed length control field cr||||
008 - FIXED-LENGTH DATA ELEMENTS--GENERAL INFORMATION
fixed length control field 731211s1966 xx 000 0 eng
035 ## - SYSTEM CONTROL NUMBER
-- (DLC) 66023028
010 ## - LIBRARY OF CONGRESS CONTROL NUMBER
LC control number 66023028
035 ## - SYSTEM CONTROL NUMBER
System control number (OCoLC)758233
040 ## - CATALOGING SOURCE
Original cataloging agency DLC
Transcribing agency OAkU
Modifying agency DLC
-- CaSfIA
042 ## - AUTHENTICATION CODE
Authentication code premarc
050 00 - LIBRARY OF CONGRESS CALL NUMBER
Classification number HG4921
Item number .P4
100 1# - MAIN ENTRY--PERSONAL NAME
Personal name Peisner, Robert N.
245 10 - TITLE STATEMENT
Title How to select rapid growth stocks;
Medium [electronic resource]
Remainder of title six practical investment tools for finding stocks with a potential for rapid growth,
Statement of responsibility, etc by Robert N. Peisner.
250 ## - EDITION STATEMENT
Edition statement [1st ed.]
260 ## - PUBLICATION, DISTRIBUTION, ETC. (IMPRINT)
Place of publication, distribution, etc New York,
Name of publisher, distributor, etc Dutton,
Date of publication, distribution, etc 1966.
300 ## - PHYSICAL DESCRIPTION
Extent 160 p.
Other physical details illus.
506 ## - RESTRICTIONS ON ACCESS NOTE
Standardized terminology for access restriction Необхідна авторизація на https://archive.org/ (створення облікового запису безкоштовно)
506 ## - RESTRICTIONS ON ACCESS NOTE
Standardized terminology for access restriction Необхідна авторизація на https://openlibrary.org/ (створення облікового запису безкоштовно)
650 #0 - SUBJECT ADDED ENTRY--TOPICAL TERM
Topical term or geographic name as entry element Speculation.
650 #0 - SUBJECT ADDED ENTRY--TOPICAL TERM
Topical term or geographic name as entry element Stocks
Geographic subdivision United States.
856 41 - ELECTRONIC LOCATION AND ACCESS
Uniform Resource Identifier <a href="http://www.archive.org/details/howtoselectrapid00peis">http://www.archive.org/details/howtoselectrapid00peis</a>
Public note Free eBook from the Internet Archive
856 42 - ELECTRONIC LOCATION AND ACCESS
Uniform Resource Identifier <a href="http://www.openlibrary.org/books/OL5991929M">http://www.openlibrary.org/books/OL5991929M</a>
Public note Additional information and access via Open Library
942 ## - ADDED ENTRY ELEMENTS (KOHA)
Koha item type ЕКнига

Немає доступних примірників.